[Event "CHN-chT Div-A"]
[Site "Fuling"]
[Date "2024.06.26"]
[Round "1.1"]
[White "Lu, Shanglei"]
[Black "Bu, Xiangzhi"]
[Result "1/2-1/2"]
[WhiteElo "2606"]
[BlackElo "2689"]
[PlyCount "66"]
[EventDate "2024.06.26"]
[EventType "team-swiss"]
[EventRounds "11"]
[EventCountry "CHN"]
[SourceTitle "CBM 221 Extra"]
[Source "ChessBase"]
[SourceDate "2024.09.30"]
[SourceVersion "1"]
[SourceVersionDate "2024.09.30"]
[SourceQuality "1"]
[WhiteTeam "Zhejiang"]
[BlackTeam "Chongqing Ticai"]
[WhiteTeamCountry "CHN"]
[BlackTeamCountry "CHN"]

1. e4 e5 2. Nf3 Nf6 3. d4 Nxe4 4. Bd3 d5 5. Nxe5 Nd7 6. Nxd7 Bxd7 7. 0-0 Bd6 8. Qh5 Qf6 9. Nc3 Qxd4 10. Be3 Qe5 11. Qxe5+ Bxe5 12. Nxd5 Nf6 13. Rae1 Nxd5 14. Bd4 0-0-0 15. Bxe5 Nb4 16. Bc4 Nxc2 17. Re2 f6 18. Bc3 Bf5 19. g4 Bg6 20. f4 Nd4 21. Re7 b5 22. Bxd4 bxc4 23. Bxa7 Rhe8 24. Rfe1 Rxe7 25. Rxe7 f5 26. gxf5 Bxf5 27. Be3 Rd3 28. Kf2 g6 29. Rxh7 c3 30. bxc3 Rxc3 31. h4 Ra3 32. h5 gxh5 33. Rxh5 Rxa2+ 1/2-1/2

[Event "Aktobe Dvorkovich op"]
[Site "Aktobe"]
[Date "2024.06.01"]
[Round "8"]
[White "Bu, Xiangzhi"]
[Black "Predke, Alexandr"]
[Result "1/2-1/2"]
[WhiteElo "2689"]
[BlackElo "2667"]
[PlyCount "33"]
[EventDate "2024.05.25"]
[EventType "swiss"]
[EventRounds "9"]
[EventCountry "KAZ"]
[SourceTitle "CBM 220 Extra"]
[Source "ChessBase"]
[SourceDate "2024.07.31"]
[SourceVersion "1"]
[SourceVersionDate "2024.07.31"]
[SourceQuality "1"]

1. d4 d5 2. Nf3 Nf6 3. c3 c6 4. Bg5 Bf5 5. e3 Nbd7 6. Bd3 Bxd3 7. Qxd3 e6 8. 0-0 Be7 9. c4 Ne4 10. Bxe7 Qxe7 11. Nc3 f5 12. Ne2 a5 13. Rac1 0-0 14. Nd2 Ndf6 15. Nf3 Nd7 16. Nd2 Ndf6 17. Nf3 1/2-1/2

[Event "Aktobe Dvorkovich op"]
[Site "Aktobe"]
[Date "2024.05.31"]
[Round "7"]
[White "Bu, Xiangzhi"]
[Black "Gareyev, Timur"]
[Result "1-0"]
[WhiteElo "2689"]
[BlackElo "2552"]
[PlyCount "93"]
[EventDate "2024.05.25"]
[EventType "swiss"]
[EventRounds "9"]
[EventCountry "KAZ"]
[SourceTitle "CBM 220 Extra"]
[Source "ChessBase"]
[SourceDate "2024.07.31"]
[SourceVersion "1"]
[SourceVersionDate "2024.07.31"]
[SourceQuality "1"]

1. Nf3 c5 2. c4 Nc6 3. d4 cxd4 4. Nxd4 Qb6 5. Nb3 e6 6. Nc3 Nf6 7. a3 d5 8. Be3 d4 9. Bxd4 Nxd4 10. Nxd4 e5 11. Nb3 Bf5 12. Na4 Qc6 13. Nd2 Rd8 14. Nc3 Bc5 15. e3 0-0 16. b4 Bd4 17. Qb3 Ng4 18. Nd5 Rfe8 19. Rd1 Qg6 20. Rc1 Qc6 21. h3 Nf6 22. Nxf6+ Qxf6 23. c5 Qg6 24. g4 Be6 25. Bc4 h5 26. exd4 exd4 27. Kd1 d3 28. Bxe6 Rxe6 29. Rc4 Qf6 30. Qc3 Qxf2 31. Rf1 Qg2 32. Rcf4 Qxh3 33. Qc4 b5 34. cxb6 axb6 35. Rxf7 Qxg4+ 36. Qxg4 hxg4 37. R7f4 Ra8 38. Nb1 Re2 39. R1f2 Rae8 40. Nc3 g3 41. Rxe2 dxe2+ 42. Nxe2 Re3 43. a4 Ra3 44. b5 Ra1+ 45. Kd2 Ra2+ 46. Kd3 Ra1 47. Rg4 1-0